书目信息 |
| 题名: |
插花与盆景
|
|
| 作者: | 王立新 , 孙美玲 主编 | |
| 分册: | ||
| 出版信息: | 北京 高等教育出版社 2016 |
|
| 页数: | 369页 | |
| 开本: | 26cm | |
| 丛书名: | ||
| 单 册: | ||
| 中图分类: | J525.12 , S688.1 | |
| 科图分类: | ||
| 主题词: | 插花--装饰美术--高等职业教育--教材 , 盆景--观赏园艺--高等职业教育--教材 | |
| 电子资源: | ||
| ISBN: | 978-7-04-045652-3 | |
| 000 | 01183nam0 2200289 450 | |
| 001 | 0103984701 | |
| 005 | 20170217100557.0 | |
| 010 | @a978-7-04-045652-3@dCNY38.10 | |
| 100 | @a20161013d2016 em y0chiy0120 ea | |
| 101 | 0 | @achi |
| 102 | @aCN@b110000 | |
| 105 | @aa z 000yy | |
| 106 | @ar | |
| 200 | 1 | @a插花与盆景@9Cha Hua Yu Pen Jing @f王立新,孙美玲主编@b专著 |
| 205 | @a2版 | |
| 210 | @a北京@c高等教育出版社@d2016 | |
| 215 | @a369页@c图@d26cm | |
| 300 | @a全国高职高专教育规划教材 高等职业教育新形态一体化教材 | |
| 330 | @a本书内容分插花和盆景两部分,共10个单元。插花部分包括:插花概论、花材与插花器具的识别和准备、艺术装饰插花的设计与制作、现代节庆礼仪插花的设计与制作、插花作品鉴赏与花店经营。盆景部分包括:盆景概论、盆景材料与制作工具的识别和准备、植物盆景的设计与制作、山石盆景与树石盆景的设计制作、盆景赏析、陈设及养护管理。 | |
| 606 | 0 | @a插花@x装饰美术@x高等职业教育@j教材 |
| 606 | 0 | @a盆景@x观赏园艺@x高等职业教育@j教材 |
| 690 | @aJ525.12@v5 | |
| 690 | @aS688.1@v5 | |
| 701 | 0 | @a王立新@f(1954~)@4主编@9wang li xin |
| 701 | 0 | @a孙美玲@c(职业教育)@4主编@9sun mei ling |
| 801 | 0 | @aCN@bAZmarc@c20230903 |
| 905 | @aBZT@dJ525.12@e23=2@f1@sJ525.12/23=2 | |
| 插花与盆景/王立新,孙美玲主编.-2版.-北京:高等教育出版社,2016 |
| 369页:图;26cm |
| 全国高职高专教育规划教材 高等职业教育新形态一体化教材 |
| ISBN 978-7-04-045652-3:CNY38.10 |
| 本书内容分插花和盆景两部分,共10个单元。插花部分包括:插花概论、花材与插花器具的识别和准备、艺术装饰插花的设计与制作、现代节庆礼仪插花的设计与制作、插花作品鉴赏与花店经营。盆景部分包括:盆景概论、盆景材料与制作工具的识别和准备、植物盆景的设计与制作、山石盆景与树石盆景的设计制作、盆景赏析、陈设及养护管理。 |
| ● |
| 相关链接 |
|
|
|
正题名:插花与盆景
索取号:J525.12/23=2
 
预约/预借
| 序号 | 登录号 | 条形码 | 馆藏地/架位号 | 状态 | 备注 |
| 1 | 2000007547 | 2000007547 | 旧书回溯/ [索取号:J525.12/23=2] | 在馆 |